| 000 | 01228nam a22002657a 4500 | ||
|---|---|---|---|
| 999 |
_c22405 _d22405 |
||
| 003 | OSt | ||
| 005 | 20220603144447.0 | ||
| 008 | 220602b ||||| |||| 00| 0 spa d | ||
| 020 | _a9786124790737 | ||
| 040 | _cBiblioteca Municipal de Cusco | ||
| 082 |
_a331.88/L54 _bL54 |
||
| 100 |
_aLévano la Rosa, Edmundo Dante _d1926-2019 _948053 |
||
| 245 |
_aLas ocho horas : _bla historia real de una conquista exclusivamente obrera / _cCésar Lévano |
||
| 250 | _aSegunda edición | ||
| 260 |
_aLima : _bSinco Editores, _c2019. |
||
| 300 |
_a106, [2] páginas. : _bilustraciones., facsíms., retrs. ; _c25 cm. |
||
| 500 | _aAntes del título: Edición del Centenario. | ||
| 505 | _aCon banderas de conciencia y rebeldía la clase obrera entra en escena. La matanza de Chicama y César Vallejo. Esteban Pavletich desenmascara a Haya de la Torre. Tempestad obrera. Las matanzas de Huacho. | ||
| 650 |
_aSindicalismo _vHistoria _zPerú _948054 |
||
| 650 |
_aJornada de ocho horas _vHistoria _zPerú _948055 |
||
| 650 |
_aRevoluciones (Obreros) _vHistoria _zPerú _948056 |
||
| 650 |
_aTrabajadores _xCondiciones sociales _ySiglo XX _zPerú _948057 |
||
| 650 |
_aObreros _xCondiciones sociales _ySiglo XX _zPerú _948058 |
||
| 942 |
_2ddc _cLIBROS |
||